| 000 | 00000nam##2200000za#4500 |
| 001 | 9.572381 |
| 003 | CaOODSP |
| 005 | 20210929082754 |
| 007 | cr ||||||||||| |
| 008 | 150406|2001||||xxc|||||o f|0| 0 eng|d |
| 040 | |aCaOODSP|beng |
| 043 | |an-cn--- |
| 086 | 1 |aFo29-47/25-2001E-PDF |
| 110 | 1 |aCanada. |bNatural Resources Canada. |bCanadian Forest Service. |
| 245 | 10|aBiological control and the management of Calamagrostis canadensis (bluejoint grass)|h[electronic resource]|c[by] D.E. Macey and R.S. Winder. |
| 260 | |aVictoria - British Columbia : |bNatural Resources Canada. |cJuly 2001. |
| 300 | |a6p.|bmap, photographs |
| 490 | 1 |aTechnology transfer note|vNo. 25 |
| 500 | |aThe catalogue number (Fo29-47/25-2001E) and ISBN (0-662-30729-1) for the print edition have been incorrectly copied in this electronic publication. |
| 504 | |aBibliography. |
| 590 | |a11-30-Supp|b2011-12-02 |
| 690 | 07|aWeeds|2gcpds |
| 690 | 07|aReforestation|2gcpds |
| 720 | 1 |aMacey, Donna E. |
| 720 | 1 |aWinder, Richard S. |
| 775 | 08|tContrôle biologique et gestion de Calamagrostis canadensis (foin bleu)|w(CaOODSP)9.604832 |
| 776 | 0#|tBiological control and the management of Calamagrostis canadensis (bluejoint grass)|w(CaOODSP)9.615669 |
| 830 | #0|aTechnology transfer note ;|vNo. 25|w(CaOODSP)9.504768 |
| 856 | 40|ahttp://publications.gc.ca|qPDF|s841 KB|uhttps://publications.gc.ca/collections/Collection/Fo29-47-25-2001E.pdf|yNo. 25 |